| 000 | 00483nam a2200169 i 4500 | ||
|---|---|---|---|
| 001 | 22772 | ||
| 003 | ES-MaACL | ||
| 005 | 20230906152744.0 | ||
| 007 | t| | ||
| 008 | 021204s1914 sp ||||1| spa d | ||
| 100 | 1 |
_aÁlvarez Quintero, Serafín, _d1871-1938 _9226443 |
|
| 245 | 1 | 4 |
_aLos leales _b: comedia en tres actos / _cSerafín Alvarez Quintero. |
| 260 |
_aMadrid : _bRenacimiento, _c1914. |
||
| 300 |
_a289 p. ; _c19 cm. |
||
| 852 |
_aES-MaACL _jF-8655 |
||
| 999 |
_c22772 _d22772 |
||